| 000 | 00446cam a2200181ua 4500 | ||
|---|---|---|---|
| 020 | _c6.00 | ||
| 041 |
_aeng _h |
||
| 082 |
_a631.4 _bPLY/RE |
||
| 100 | _aPlgusnin, I I . | ||
| 245 |
_aReclamative soil science / _cI I Plgusnin. _hTextual Documents |
||
| 250 |
_a1 / _b. |
||
| 260 |
_aMoscow : _bForeign Language Publishing House , _c1961. |
||
| 300 | _a398 ; . | ||
| 365 | _a6.00 | ||
| 504 | _a | ||
| 942 | _cBK | ||
| 999 |
_c8781 _d8781 |
||